[Event "Benidorm 2004 - sub2300"]
[Site "Benidorm ESP"]
[Date "2004.11.27"]
[Round "9.8"]
[White "Martin Perez, Javier"]
[Black "Fenollar Jorda, Manuel"]
[Result "1-0"]
[WhiteElo "2232"]
[BlackElo "2191"]
[PlyCount "127"]
[EventDate "2004.11.19"]
[EventType "swiss"]
[EventRounds "9"]
[EventCountry "ESP"]
[Source "lmi"]
[SourceDate "2004.11.19"]

1. e4 e5 2. Nf3 Nc6 3. Bb5 a6 4. Ba4 Nf6 5. O-O b5 6. Bb3 Bc5 7. c3 d6 8. d3
Bg4 9. Be3 Bb6 10. Nbd2 O-O 11. h3 Be6 12. d4 Bxb3 13. Qxb3 exd4 14. cxd4 d5
15. e5 Ne4 16. Rfd1 Nxd2 17. Rxd2 Na5 18. Qd3 Nc4 19. Ng5 g6 20. Rc2 Qe7 21.
Nf3 Nxe3 22. Qxe3 f6 23. e6 Rfe8 24. Rc6 Rad8 25. Re1 Rd6 26. Rxd6 Qxd6 27. h4
c5 28. Qa3 a5 29. h5 g5 30. Rc1 Qf4 31. Re1 c4 32. g3 Qc7 33. Qe3 Qe7 34. Nh2
Qa7 35. e7 Bxd4 36. Qe6+ Kg7 37. h6+ Kg6 38. Ng4 Qc7 39. Kg2 Bxb2 40. Qxd5 Rxe7
41. Qg8+ Kh5 42. Ne3 Rxe3 43. fxe3 Kg4 44. Kh1 Qe5 45. e4 Kxg3 46. Qxh7 Ba3 47.
Qg6 Qf4 48. Rg1+ Kh4 49. Qf5 Qxf5 50. exf5 Bf8 51. h7 Bg7 52. Rd1 c3 53. Rd7
Bh8 54. Rd8 c2 55. Rc8 Kh5 56. Rxc2 Kh6 57. Rc5 Kxh7 58. Rxb5 a4 59. Ra5 Bg7
60. Rxa4 Bf8 61. Ra6 Kg7 62. Ra7+ Kg8 63. a4 Bc5 64. Rb7 1-0

[Event "Benidorm 2004 - sub2300"]
[Site "Benidorm ESP"]
[Date "2004.11.27"]
[Round "9.9"]
[White "Goormachtigh, Johan"]
[Black "Garcia Gata, Jorge David"]
[Result "1-0"]
[WhiteElo "2279"]
[BlackElo "2021"]
[PlyCount "61"]
[EventDate "2004.11.19"]
[EventType "swiss"]
[EventRounds "9"]
[EventCountry "ESP"]
[Source "lmi"]
[SourceDate "2004.11.19"]

1. d4 Nf6 2. c4 c5 3. d5 b5 4. cxb5 a6 5. bxa6 Bxa6 6. Nc3 d6 7. Nf3 g6 8. g3
Bg7 9. Bg2 O-O 10. O-O Nbd7 11. Rb1 Qb6 12. b3 Ng4 13. Bd2 Nge5 14. Nxe5 Nxe5
15. h3 Qa7 16. Kh2 c4 17. b4 Qd4 18. a4 Rfb8 19. f4 Nd7 20. e3 Qa7 21. a5 Bxc3
22. Bxc3 Qxe3 23. Rf3 Qe4 24. Rb2 Nf6 25. Re2 Qxd5 26. Qe1 Qh5 27. Rxe7 Nd5 28.
Ree3 Nxe3 29. Qxe3 d5 30. Qd4 Kf8 31. Re3 1-0

[Event "Benidorm 2004 - sub2300"]
[Site "Benidorm ESP"]
[Date "2004.11.27"]
[Round "9.11"]
[White "Celaya Tapiz, Jose Maria"]
[Black "Tscharotschkin, Michael"]
[Result "1/2-1/2"]
[WhiteElo "2265"]
[BlackElo "2202"]
[PlyCount "91"]
[EventDate "2004.11.19"]
[EventType "swiss"]
[EventRounds "9"]
[EventCountry "ESP"]
[Source "lmi"]
[SourceDate "2004.11.19"]

1. e4 d5 2. exd5 Nf6 3. Bb5+ Bd7 4. Bxd7+ Qxd7 5. Nf3 Qxd5 6. O-O e6 7. d4 Be7
8. c3 O-O 9. Qb3 Qxb3 10. axb3 c5 11. Bg5 cxd4 12. Nxd4 h6 13. Bxf6 Bxf6 14.
Nf3 Nc6 15. b4 a6 16. Nbd2 Ne5 17. Nxe5 Bxe5 18. Nc4 Bc7 19. Rfd1 Rfd8 20. g3
Kf8 21. Kf1 Ke7 22. Ke2 Rac8 23. Rxd8 Rxd8 24. Na5 Bxa5 25. bxa5 Rd5 26. b4 Kd6
27. Ra2 Kc6 28. c4 Rd4 29. Rc2 g5 30. h3 f5 31. Rc3 e5 32. Rc1 e4 33. b5+ Kc5
34. bxa6 bxa6 35. Rb1 f4 36. gxf4 gxf4 37. Rb8 Rxc4 38. Rb6 Rc2+ 39. Ke1 f3 40.
Rxa6 h5 41. h4 Ra2 42. Ra8 Kd4 43. Rd8+ Kc3 44. Rc8+ Kd3 45. Rd8+ Kc3 46. Rc8+
1/2-1/2

[Event "Benidorm 2004 - sub2300"]
[Site "Benidorm ESP"]
[Date "2004.11.27"]
[Round "9.12"]
[White "Lacrosse, Marc"]
[Black "Garcia Amoros, Pablo"]
[Result "1-0"]
[WhiteElo "2264"]
[BlackElo "2181"]
[PlyCount "111"]
[EventDate "2004.11.19"]
[EventType "swiss"]
[EventRounds "9"]
[EventCountry "ESP"]
[Source "lmi"]
[SourceDate "2004.11.19"]

1. d4 Nf6 2. c4 g6 3. Nc3 Bg7 4. e4 d6 5. Nf3 O-O 6. Be2 e5 7. Be3 Na6 8. O-O
Ng4 9. Bg5 Qe8 10. dxe5 dxe5 11. h3 h6 12. Bc1 Nf6 13. Be3 Qe7 14. a3 Nh5 15.
Re1 c6 16. Rc1 Nc5 17. b4 Ne6 18. Bf1 Rd8 19. Qb3 Nd4 20. Bxd4 exd4 21. Na4 Nf4
22. Nc5 Ne6 23. Nd3 b6 24. c5 b5 25. a4 a6 26. Ra1 Bd7 27. Qb2 g5 28. g3 h5 29.
Bg2 Nf8 30. Qd2 Nh7 31. e5 bxa4 32. Nxd4 Rac8 33. Rxa4 Be6 34. Qc3 Qd7 35. Nxe6
fxe6 36. Nb2 Qd4 37. Qxd4 Rxd4 38. Re4 Rxe4 39. Bxe4 Bxe5 40. Nd3 Bc3 41. Rxa6
Rd8 42. Ra3 Nf6 43. Rxc3 Nxe4 44. Ra3 Rd4 45. Kf1 Nf6 46. Ke2 Nd5 47. Rb3 Kf8
48. f3 Ke7 49. Ne5 Ke8 50. Nxc6 Rc4 51. Kd3 Rc1 52. Ne5 h4 53. gxh4 gxh4 54.
Kd2 Rh1 55. b5 Rh2+ 56. Kd3 1-0

[Event "Benidorm 2004 - sub2300"]
[Site "Benidorm ESP"]
[Date "2004.11.27"]
[Round "9.13"]
[White "Diaz Castro, Sergio"]
[Black "Martinez Tormo, Jorge"]
[Result "1-0"]
[WhiteElo "2209"]
[BlackElo "2240"]
[PlyCount "147"]
[EventDate "2004.11.19"]
[EventType "swiss"]
[EventRounds "9"]
[EventCountry "ESP"]
[Source "lmi"]
[SourceDate "2004.11.19"]

1. d4 d5 2. c4 e6 3. Nc3 Nf6 4. cxd5 exd5 5. Bg5 Be7 6. e3 c6 7. Bd3 Nbd7 8.
Nge2 O-O 9. O-O h6 10. Bh4 Ne4 11. Bxe7 Qxe7 12. Qc2 Ndf6 13. Rae1 Bf5 14. Na4
g6 15. a3 Nd6 16. Bxf5 Nxf5 17. Nf4 Nd6 18. Nd3 Nd7 19. Rb1 Nc4 20. Rfc1 Kg7
21. Ra1 f5 22. Nac5 Nxc5 23. dxc5 Rae8 24. b4 Kh7 25. a4 Ne5 26. b5 Nxd3 27.
Qxd3 f4 28. bxc6 fxe3 29. fxe3 bxc6 30. Rab1 Rf7 31. Rf1 Rxf1+ 32. Rxf1 Qxe3+
33. Qxe3 Rxe3 34. Rf7+ Kg8 35. Rf6 Re4 36. Rxg6+ Kh7 37. Rxc6 Rxa4 38. Rd6 d4
39. Kf2 Rc4 40. c6 Rc3 41. g4 a5 42. h4 a4 43. Rxd4 Rxc6 44. Rxa4 Kg6 45. Ke3
h5 46. g5 Rc3+ 47. Kf4 Rc6 48. Ke5 Rc5+ 49. Ke4 Rc6 50. Rd4 Re6+ 51. Kf4 Ra6
52. Ke5 Ra5+ 53. Rd5 Ra4 54. Rd6+ Kg7 55. Rd4 Ra5+ 56. Kf4 Ra6 57. Ke5 Ra5+ 58.
Rd5 Ra4 59. Kf5 Rxh4 60. Rd7+ Kf8 61. Kg6 Rg4 62. Kxh5 Rg1 63. Kg6 Rg2 64. Rf7+
Kg8 65. Rb7 Kf8 66. Rf7+ Kg8 67. Ra7 Kf8 68. Ra8+ Ke7 69. Ra5 Kf8 70. Rf5+ Kg8
71. Kf6 Rb2 72. Kg6 Rb6+ 73. Rf6 Rxf6+ 74. gxf6 1-0

[Event "Benidorm 2004 - sub2300"]
[Site "Benidorm ESP"]
[Date "2004.11.27"]
[Round "9.14"]
[White "Sanchez Barbado, Carlos"]
[Black "Vallet, Marc"]
[Result "1/2-1/2"]
[WhiteElo "2082"]
[BlackElo "2222"]
[PlyCount "85"]
[EventDate "2004.11.19"]
[EventType "swiss"]
[EventRounds "9"]
[EventCountry "ESP"]
[Source "lmi"]
[SourceDate "2004.11.19"]

1. e4 c5 2. Nc3 Nc6 3. g3 g6 4. Bg2 Bg7 5. d3 d6 6. Be3 e5 7. Nf3 Nd4 8. Nd5
Ne7 9. Bg5 f6 10. Bxf6 Bxf6 11. Nxf6+ Kf7 12. Nxd4 cxd4 13. Nd5 Nxd5 14. exd5
Kg7 15. O-O h5 16. h3 h4 17. g4 Rf8 18. Re1 Qf6 19. Qd2 Bd7 20. Re4 g5 21. Rf1
Be8 22. Qb4 b6 23. Re2 Bg6 24. Qd2 Rac8 25. c3 dxc3 26. bxc3 Qf4 27. c4 Rc5 28.
Qxf4 Rxf4 29. Rd1 Rd4 30. Red2 Ra5 31. f3 Ra3 32. Bf1 Kf6 33. Kf2 Ke7 34. Be2
Kd7 35. Rb1 Rxc4 36. Rxb6 axb6 37. dxc4 Kc7 38. Rb2 Rc3 39. Rb3 Rc2 40. Ra3 Kb7
41. Ke3 Rc1 42. Bd3 Be8 43. Ke4 1/2-1/2

[Event "Benidorm 2004 - sub2300"]
[Site "Benidorm ESP"]
[Date "2004.11.27"]
[Round "9.15"]
[White "Garcia, Eduardo"]
[Black "Palma Macias, Jose Alberto"]
[Result "1-0"]
[WhiteElo "2298"]
[BlackElo "2164"]
[PlyCount "64"]
[EventDate "2004.11.19"]
[EventType "swiss"]
[EventRounds "9"]
[EventCountry "ESP"]
[Source "lmi"]
[SourceDate "2004.11.19"]

1. e4 c5 2. c3 Nf6 3. e5 Nd5 4. d4 cxd4 5. Nf3 Nc6 6. Bc4 Nb6 7. Bb3 d6 8. exd6
Qxd6 9. O-O Be6 10. Na3 Bxb3 11. axb3 a6 12. cxd4 Rd8 13. Be3 e6 14. Nc4 Nxc4
15. bxc4 Be7 16. Qe2 O-O 17. Rfd1 Bf6 18. Rac1 h6 19. d5 exd5 20. cxd5 Ne7 21.
Bc5 Qd7 22. Bb6 Rc8 23. Rxc8 Nxc8 24. Be3 Nd6 25. h3 Rc8 26. Bd4 Qf5 27. Bxf6
Qxf6 28. b3 Qc3 29. Qd3 Qxd3 30. Rxd3 Rc1+ 31. Kh2 Kf8 32. Kg3 Re1 1-0